Central Library OPAC University of Rajshahi

Semiconductor counters for nuclear radiations / (Record no. 9389)

MARC details
000 -LEADER
fixed length control field 00866nam a22002651 4500
001 - CONTROL NUMBER
control field 9389
003 - CONTROL NUMBER IDENTIFIER
rucl marc code BD-RjUL
005 - DATE AND TIME OF LATEST TRANSACTION
control field 20211208234753.0
008 - FIXED-LENGTH DATA ELEMENTS--GENERAL INFORMATION
fixed length control field 140120s1966 nyua b 001 0 eng
035 ## - SYSTEM CONTROL NUMBER
System control number (BD-RjUL)9434
040 ## - CATALOGING SOURCE
Original cataloging agency DLC/ICU
Transcribing agency ICU
Modifying agency DLC
-- BD-RjUL
Language of cataloging eng
041 ## - LANGUAGE CODE
Language code of text/sound track or separate title eng
082 00 - DEWEY DECIMAL CLASSIFICATION NUMBER
Classification number 539.77
Author mark and year DES 1966
100 1# - MAIN ENTRY--PERSONAL NAME
Personal name Dearnaley, G.
Fuller form of name (Geoffrey)
9 (RLIN) 29092
245 10 - TITLE STATEMENT
Title Semiconductor counters for nuclear radiations /
Statement of responsibility, etc. [by] G. Dearnaley and D.C. Northrop.
250 ## - EDITION STATEMENT
Edition statement 2d ed., rev. and enl.
260 ## - PUBLICATION, DISTRIBUTION, ETC. (IMPRINT)
Place of publication, distribution, etc. London :
Name of publisher, distributor, etc. E. & F. N. Spon,
Date of publication, distribution, etc. c1963 [Reprint 1966].
300 ## - PHYSICAL DESCRIPTION
Pagination xx, 459 p. :
Illustrations illus. ;
Size 23 cm.
504 ## - BIBLIOGRAPHY, ETC. NOTE
Bibliography, etc Includes bibliographies & Index.
650 #0 - SUBJECT ADDED ENTRY--TOPICAL TERM
Topical term or geographic name as entry element Semiconductor nuclear counters.
9 (RLIN) 29093
700 1# - ADDED ENTRY--PERSONAL NAME
Personal name Northrop, D. C.
Fuller form of name (David Covell),
Relator term joint author.
942 ## - ADDED ENTRY ELEMENTS (KOHA)
Source of classification or shelving scheme Dewey Decimal Classification
Koha item type Books
Holdings
Lost status Source of classification or shelving scheme Damaged status Not for loan Collection code Permanent Location Current Location Shelving location Date acquired Source of acquisition Cost, normal purchase price Total Checkouts Full call number Date last seen Copy number Koha item type
  Dewey Decimal Classification     Non-fiction Central Library, University of Rajshahi Central Library, University of Rajshahi   23/11/1968 Zeitlinger 80.00   539.77 DES 1966 20/01/2014 C-2 Books